Catálogo público

Syllabus for slides on turf diseases; Bermudagrass, St. Augustine grass, zoyziagrass ryegrass and fescue (Diapositiva) (Record no. 19432)

MARC details
000 -CABECERA
campo de control de longitud fija 01229cam a22003497a 4500
003 - IDENTIFICADOR DEL NÚMERO DE CONTROL
campo de control CHAP
005 - FECHA Y HORA DE LA ÚLTIMA TRANSACCIÓN
campo de control 20220329134351.0
008 - DATOS DE LONGITUD FIJA--INFORMACIÓN GENERAL
campo de control de longitud fija 971013s1963 r 00010 d
010 ## - NÚMERO DE CONTROL DE LA BIBLIOTECA DEL CONGRESO
Número de control de LC 19432
011 ## - ENLACE DEL NUMERO DE CONTROL DE LA BIBLIOTECA DEL CONGRESO [OBSOLETO]
Número de control de LC 20404
035 ## - NÚMERO DE CONTROL DEL SISTEMA
Número de control de sistema 24492
040 ## - FUENTE DE LA CATALOGACIÓN
Centro/agencia transcriptor CHAP
090 ## - LOCALMENTE ASIGNADO TIPO-LC NÚMERO DE CLASIFICACIÓN (OCLC); NÚMERO DE CLASIFICACIÓN LOCAL (RLIN)
Número de clasificación (OCLC) (R) ; Numero de clasificación, CALL (RLIN) (NR) D-46
110 2# - ENTRADA PRINCIPAL--NOMBRE DE ENTIDAD CORPORATIVA
Nombre de entidad corporativa o nombre de jurisdicción como elemento de entrada The American Phytophatological Society. St. Paul, Minn.
9 (RLIN) 112621
245 10 - MENCIÓN DE TÍTULO
Título Syllabus for slides on turf diseases; Bermudagrass, St. Augustine grass, zoyziagrass ryegrass and fescue (Diapositiva)
260 ## - PUBLICACIÓN, DISTRIBUCIÓN, ETC.
Lugar de publicación, distribución, etc. (s.l.) :
Nombre del editor, distribuidor, etc. American Phytophatological Society,
Fecha de publicación, distribución, etc. 1963
300 ## - DESCRIPCIÓN FÍSICA
Extensión 22 diapositivas col. 2 x 2 plg.
490 #0 - MENCIÓN DE SERIE
Mención de serie Disease of plants
Designación de volumen o secuencia ; 10
500 ## - NOTA GENERAL
Nota general Nota explicativa 2 p.
500 ## - NOTA GENERAL
Nota general Tambien en CD 4 3/4 plgs.
590 ## - NOTA LOCAL (RLIN)
Nota local BATCH-UPD
Procedencia (VM) [OBSOLETO] 10
Condición del los carretes individuales (VM) [OBSOLETO] 20130109
-- UCH01
-- 2328
590 ## - NOTA LOCAL (RLIN)
Nota local BATCH-UPD
Procedencia (VM) [OBSOLETO] 10
Condición del los carretes individuales (VM) [OBSOLETO] 20130110
-- UCH01
-- 2250
590 ## - NOTA LOCAL (RLIN)
Nota local BATCH-UPD
Procedencia (VM) [OBSOLETO] 10
Condición del los carretes individuales (VM) [OBSOLETO] 20130410
-- UCH01
-- 1544
590 ## - NOTA LOCAL (RLIN)
Nota local BATCH-UPD
Procedencia (VM) [OBSOLETO] 10
Condición del los carretes individuales (VM) [OBSOLETO] 20130914
-- UCH01
-- 0957
590 ## - NOTA LOCAL (RLIN)
Nota local CONVERSION
Procedencia (VM) [OBSOLETO] 10
Condición del los carretes individuales (VM) [OBSOLETO] 20130109
-- UCH01
-- 1312
650 14 - PUNTO DE ACCESO ADICIONAL DE MATERIA--TÉRMINO DE MATERIA
Término de materia o nombre geográfico como elemento de entrada Césped
Subdivisión general Enfermedades.
9 (RLIN) 24333
830 0# - PUNTO DE ACCESO ADICIONAL DE SERIE-TÍTULO UNIFORME
Título uniforme Disease of plants
Designación de volumen o secuencia ; 10
9 (RLIN) 32722
901 ## - ELEMENTOS DE DATOS A LOCAL LDA (RLIN)
a BK
942 ## - ELEMENTOS DE PUNTO DE ACCESO ADICIONAL (KOHA)
Tipo de ítem Koha CD
949 ## - PROCESAMIENTO DE INFORMACIÓN LOCAL (OCLC)
a D-46
b BC
c D
d -56405
e D
h 58839
i 24492
s i
949 ## - PROCESAMIENTO DE INFORMACIÓN LOCAL (OCLC)
a D-46
b BC
c D
d 33724002007769
e CD
h 241
i 24492
s b
Holdings
Estado de retiro Estado de pérdida Estado dañado Restricciones de uso No para préstamo Código de colección Localización permanente Ubicación/localización actual Fecha de adquisición Información codificada de la localización en otra ubicación Número de inventario Total de préstamos Signatura topográfica completa Código de barras Fecha visto por última vez Precio válido a partir de Tipo de ítem Koha
      Préstamo 3 días   Material multimedia Biblioteca Central Biblioteca Central 31/12/2019 CD 127   D-46 33724002007769 31/12/2019 31/12/2019 CD
      Préstamo 3 días   Material multimedia Biblioteca Central Biblioteca Central 31/12/2019 D 127   D-46 -56405 31/12/2019 31/12/2019 Diapositiva